Statistics for All FNAF Characters

Click here to take the quiz!

General Stats

  • This quiz has been taken 111 times
  • The average score is 45 of 131

Answer Stats

HintAnswer% Correct
FNAF 1Freddy
99%
Foxy
97%
Bonnie
96%
Chica
96%
Golden Freddy
94%
FNAF 3Springtrap
79%
Toy Bonnie
79%
Toy Chica
79%
FNAF 2Toy Freddy
79%
Balloon Boy
75%
Mangle
75%
Puppet
73%
Phantom Freddy
70%
Phantom Chica
69%
JJ
68%
Phantom Foxy
68%
Withered Bonnie
68%
Withered Freddy
68%
Withered Chica
66%
Withered Foxy
66%
Nightmare
65%
Phantom Puppet
65%
Nightmare Chica
63%
Phantom Balloon Boy
63%
Nightmare Bonnie
62%
FNAF 4Nightmare Freddy
62%
Phantom Mangle
62%
Funtime Foxy
61%
Nightmare Foxy
61%
Withered Golden Freddy
61%
Funtime Freddy
59%
Ballora
58%
Sister LocationCircus Baby
58%
Nightmare Balloon Boy
56%
Plushtrap
54%
Cupcake
52%
Jack-O-Chica
52%
Nightmare Mangle
52%
Nightmarionne
52%
Jack-O-Bonnie
51%
Fredbear
48%
Security BreachGlamrock Freddy
45%
Bon Bon
44%
Glamrock Chica
44%
Nightmare Cupcake
42%
Spring Bonnie
42%
Gregory
41%
Lolbit
41%
Montgomery Gator
41%
Roxanne Wolf
41%
Scraptrap
41%
Yenndo
41%
Lefty
39%
Mr. Hippo
38%
Bonnet
37%
Funtime Chica
37%
Happy Frog
37%
Molten Freddy
37%
Rockstar Bonnie
37%
Rockstar Chica
37%
Rockstar Freddy
37%
Rockstar Foxy
35%
FFFPSScrap baby
35%
Vanny
35%
HumansVannessa
34%
Freddles
32%
Music Man
32%
Pigpatch
31%
Twisted Bonnie
31%
Twisted Chica
31%
Twisted Foxy
31%
The Twisted OnesTwisted Freddy
31%
Minireenas
28%
Orville Elephant
28%
Phantom Cupcake
27%
Bidybabs
25%
Nedd Bear
25%
El Chip
24%
Helpy
24%
Bucket Bob
23%
Electrobabs
23%
Map Bot
23%
Mr. Can Do
23%
Mr. Hugs
23%
Pan Stan
23%
Moondrop
21%
No. 1 Crate
21%
DJ Music Man
20%
Security Puppet
18%
Sunrise
18%
Security Bot
14%
Funtime Cupcake
10%
Jack-O-Pumpkin
10%
The Wolf
10%
Magician
8%
Nightmare Endo
8%
Wet Floor Sign Bot
7%
Wind Up Music Man
7%
The Silver EyesElla
6%
Little Joe
6%
Mini Music Man
6%
Cleaning Bot
4%
Gold Cupcake
4%
Gypsy
4%
Security Gaurd
4%
Stanley
4%
Theodore
4%
Twisted Cupcake
4%
Paper Freddy
3%
Racing Helper Bot
3%
Serving Bot
3%
Baby Endoskeleton
1%
Ballora Endoskeleton
1%
Bidybab Endoskeleton
1%
Bonnie Endoskeleton
1%
Endoplush
1%
Foxy Endoskeleton
1%
Foxy's Parrot
1%
Freddy Endoskeleton
1%
Henry Suicide Bot
1%
Paper Bonnie
1%
Party Bot
1%
Scrap Baby Endoskeleton
1%
Scrapped Bird Animatronic
1%
Scrapped Bunny Animatronic
1%
Scrapped Chimp Animatronic
1%
Scrapped Dog Animatronic
1%
Scrapped Frog Animatronic
1%
Spring Endo
1%
Unwritten Stanley
1%
Unwritten Theodore
1%

Score Distribution

Percentile by Number Answered

Percent of People with Each Score

Your Score History

You have not taken this quiz